Los medios extrajudiciales autónomos de solución de conflictos laborales (Registro nro. 38168)
[ vista simple ]
| 000 -CABECERA | |
|---|---|
| Longitud fija campo de control | 01153naa a2200325 c 4500 |
| 001 - NÚMERO DE CONTROL | |
| Número de control | 38168 |
| 003 - IDENTIFICADOR DE NÚMERO DE CONTROL | |
| Identificador del número de control | ES-MaCES |
| 005 - FECHA Y HORA DE LA ÚLTIMA TRANSACCIÓN | |
| Fecha y hora de la última transacción | 20071130150100.0 |
| 008 - CAMPO FIJO DE DESCRIPCIÓN FIJA--INFORMACIÓN GENERAL | |
| Códigos de información de longitud fija | 071130n2007 sp t ||0 | spa d |
| 035 ## - NÚMERO DE CONTROL DEL SISTEMA | |
| Número de control del sistema | CES20070007085v |
| 040 ## - FUENTE DE CATALOGACIÓN | |
| Centro catalogador de origen | ES-MaCES |
| Lengua de catalogación | spa |
| Centro transcriptor | ES-MaCES |
| 100 1# - ENCABEZAMIENTO PRINCIPAL--NOMBRE PERSONAL | |
| Nombre de persona | Porret Gelabert, Miquel |
| 9 (RLIN) | 21248 |
| 245 14 - MENCIÓN DE TÍTULO | |
| Título | Los medios extrajudiciales autónomos de solución de conflictos laborales |
| Mención de responsabilidad, etc. | Miquel Porret Gelabert |
| 500 ## - NOTA GENERAL | |
| Nota general | Resumen |
| 650 #4 - ASIENTO SECUNDARIO DE MATERIA--TÉRMINO DE MATERIA | |
| Término de materia o nombre geográfico como elemento inicial | País Vasco |
| 9 (RLIN) | 30799 |
| 650 #4 - ASIENTO SECUNDARIO DE MATERIA--TÉRMINO DE MATERIA | |
| Término de materia o nombre geográfico como elemento inicial | Valencia (Comunidad Autónoma) |
| 9 (RLIN) | 30772 |
| 650 #4 - ASIENTO SECUNDARIO DE MATERIA--TÉRMINO DE MATERIA | |
| Término de materia o nombre geográfico como elemento inicial | Madrid (Comunidad Autónoma) |
| 9 (RLIN) | 30777 |
| 650 #4 - ASIENTO SECUNDARIO DE MATERIA--TÉRMINO DE MATERIA | |
| Término de materia o nombre geográfico como elemento inicial | Cataluña |
| 9 (RLIN) | 30774 |
| 650 #4 - ASIENTO SECUNDARIO DE MATERIA--TÉRMINO DE MATERIA | |
| Término de materia o nombre geográfico como elemento inicial | Islas Canarias |
| 9 (RLIN) | 26798 |
| 650 #4 - ASIENTO SECUNDARIO DE MATERIA--TÉRMINO DE MATERIA | |
| Término de materia o nombre geográfico como elemento inicial | Andalucia |
| 9 (RLIN) | 30791 |
| 650 #4 - ASIENTO SECUNDARIO DE MATERIA--TÉRMINO DE MATERIA | |
| Término de materia o nombre geográfico como elemento inicial | administración pública |
| 9 (RLIN) | 27214 |
| 650 #4 - ASIENTO SECUNDARIO DE MATERIA--TÉRMINO DE MATERIA | |
| Término de materia o nombre geográfico como elemento inicial | Comunidades Autónomas |
| 9 (RLIN) | 30768 |
| 650 #4 - ASIENTO SECUNDARIO DE MATERIA--TÉRMINO DE MATERIA | |
| Término de materia o nombre geográfico como elemento inicial | negociación colectiva |
| 9 (RLIN) | 28362 |
| 650 #4 - ASIENTO SECUNDARIO DE MATERIA--TÉRMINO DE MATERIA | |
| Término de materia o nombre geográfico como elemento inicial | conflicto de trabajo |
| 9 (RLIN) | 28367 |
| 653 10 - TÉRMINO DE INDEXACIÓN--NO CONTROLADO | |
| Término no controlado | Relaciones laborales-Empleo |
| 773 0# - ENTRADA DE DOCUMENTO FUENTE | |
| Título | Relaciones laborales |
| Parte(s) relacionada(s) | año 23, n. 7 (8 abr. 2007){10194 R. 067670}; p. 119-138 |
| Número de control del registro relacionado | (ES-MaCES)25210 |
| Itemnumber del ítem fuente | 43028 |
| 902 ## - CES. TIPO DE DOCUMENTO | |
| Tipodoc (006$c Sirtex) | ART Artículo de revista |
| 942 ## - ELEMENTOS KOHA | |
| Fuente de clasificaión o esquema | Clasificación propia del CES |
| Koha [por defecto] tipo de item | Artículos (1982-2017) |
| Parte de clasificación | 2.0. |
No hay ítems disponibles.
